| 000 | 00782nam a2200253 a 4500 | ||
|---|---|---|---|
| 008 | |||
| 020 | _a9780750686273 (pbk.) | ||
| 049 | _aMAIN | ||
| 090 |
_aTK7867 _bANA |
||
| 245 | 1 | 0 |
_aAnalog circuits : _bworld class designs / _cedited by Robert A. Pease... [et al.] |
| 260 |
_aAmstserdam : _bElseveir, _c2008. |
||
| 300 |
_axxiii, 436 p. : _bill. ; _c24 cm. |
||
| 440 | _aNewness World Class Design Series. | ||
| 500 | _aIncludes index. | ||
| 504 | _aIncludes bibliographical references. | ||
| 650 | 0 | _aAnalog electronic systems. | |
| 650 | 0 | _aAnalogue circuits. | |
| 700 | _aPease, Robert A. | ||
| 907 |
_a.b10295604 _b19-07-12 _c10-05-11 |
||
| 003 | |||
| 005 | 20230123125246.0 | ||
| 040 | _cNUST | ||
| 942 |
_cBOOKS _kTK7867 _mANA |
||
| 999 |
_c138452 _d138452 |
||